Diccionario de astronomía /

Diccionario que consta de 4000 entradas que cubre todos los aspectos del campo de la astronomía, desde los más pequeños y cercanos del sistema solar hasta las estructuras más grandes y remotas del universo. Los términos y nombres que define varían desde aquellos de uso común por los astrónomos afici...

وصف كامل

محفوظ في:
التفاصيل البيبلوغرافية
المؤلف الرئيسي: Ridpath, Ian (ed.)
التنسيق: كتاب
اللغة:الإسبانية
منشور في: Madrid, España : Universidad Complutense de Madrid, 1999, c1999
سلاسل:(Diccionarios Oxford-Complutense)
الموضوعات:
الوسوم: إضافة وسم
لا توجد وسوم, كن أول من يضع وسما على هذه التسجيلة!

MARC

LEADER 00000nam^a2200000^a^4500
001 000181664
005 20250521000000.0
009 20260310101939.473
020 |a 84-89784-55-8 
037 |a Acervo ITESO - Biblioteca 
041 |a ESP 
082 |a 520. 3  |b OXF 
100 |a Ridpath, Ian  |e (ed.) 
245 1 0 |a Diccionario de astronomía /  |c Ed. de I. Ridpath ; tr. por Alejandro Ibarra Sixto. 
264 4 |a Madrid, España :  |b Universidad Complutense de Madrid,  |c 1999, c1999 
300 |a VIII, 837 p. 
336 |a texto  |b txt  |2 rdacontenido 
337 |a sin mediación  |b n  |2 rdamedio 
338 |a volumen  |b nc  |2 rdasoporte 
440 1 |a (Diccionarios Oxford-Complutense) 
500 |a Traducción de: A Dictionary of Astronomy 
520 |a Diccionario que consta de 4000 entradas que cubre todos los aspectos del campo de la astronomía, desde los más pequeños y cercanos del sistema solar hasta las estructuras más grandes y remotas del universo. Los términos y nombres que define varían desde aquellos de uso común por los astrónomos aficionados hasta aquellos familiares sólo para profesionales, aborda también conceptos de física relevantes a la astronomía. 
649 |a XX 
650 |a Astronomía -  |x Enciclopedias y Diccionarios 
650 |a Astrofísica -  |x Enciclopedias y Diccionarios 
650 |a Enciclopedias y Diccionarios 
910 |a Fondo General 
920 |a Impresos - Libros 
930 |a Obras de Referencia 
905 |a 102 
901 |a 0500121382  |b IT2  |c REF  |u 20250521 
902 |a https://opac.biblio.iteso.mx/vufind/Record/000181664